| 000 | 00524cam a2200193ua 4500 | ||
|---|---|---|---|
| 020 | _c295.00 | ||
| 041 |
_aeng _h |
||
| 082 |
_a532 _bPIL/PR |
||
| 100 | _aPillai, Narayan N . | ||
| 245 |
_aPrinciples of fluid mechanics and fluid machines / _cN Narayana Pillai. _hTextual Documents |
||
| 250 |
_a2 / _b. |
||
| 260 |
_aHyderabad : _bUniversities press India Pvt Ltd , _c2006. |
||
| 300 | _a385 ; . | ||
| 365 | _a295.00 | ||
| 504 | _a | ||
| 700 | 1 | _aRamakrishnan, C R . | |
| 942 | _cBK | ||
| 999 |
_c13163 _d13163 |
||